ARRUPE JESUIT UNIVERSITY

CORONAVIRUS -STOP THE SPREAD - CLEAN,DISINFECT,COVER

The diving bell and the butterfly / (Record no. 118671)

MARC details
000 -LEADER
fixed length control field 01619cam a2200373 a 4500
001 - CONTROL NUMBER
control field 4965890
003 - CONTROL NUMBER IDENTIFIER
control field ARRUPE
005 - DATE AND TIME OF LATEST TRANSACTION
control field 20131126111630.0
008 - FIXED-LENGTH DATA ELEMENTS--GENERAL INFORMATION
fixed length control field 970502s1997 nyu 000 0aeng d
010 ## - LIBRARY OF CONGRESS CONTROL NUMBER
LC control number 97071922
020 ## - INTERNATIONAL STANDARD BOOK NUMBER
International Standard Book Number 0375401156
035 ## - SYSTEM CONTROL NUMBER
System control number (OCoLC)36896594
040 ## - CATALOGING SOURCE
Original cataloging agency TM
Transcribing agency TM
Modifying agency NBuBE
-- DLC
041 1# - LANGUAGE CODE
Language code of text/sound track or separate title eng
Language code of original and/or intermediate translations of text fre
042 ## - AUTHENTICATION CODE
Authentication code lccopycat
043 ## - GEOGRAPHIC AREA CODE
Geographic area code e-fr---
050 00 - LIBRARY OF CONGRESS CALL NUMBER
Classification number RC388.5 .B39513 1997
300 ## - PHYSICAL DESCRIPTION
Dimensions 20 cm.
100 1# - MAIN ENTRY--PERSONAL NAME
Personal name Bauby, Jean-Dominique,
Dates associated with a name 1952-1997.
9 (RLIN) 3785
240 10 - UNIFORM TITLE
Uniform title <a href="Scaphandre et le papillon.">Scaphandre et le papillon.</a>
Language of a work English
245 14 - TITLE STATEMENT
Title The diving bell and the butterfly /
Statement of responsibility, etc Jean-Dominique Bauby ; translated from the French by Jeremy Leggatt.
250 ## - EDITION STATEMENT
Edition statement 1st U.S. ed.
260 ## - PUBLICATION, DISTRIBUTION, ETC. (IMPRINT)
Place of publication, distribution, etc New York :
Name of publisher, distributor, etc A.A. Knopf :
-- Distributed by Random House,
Date of publication, distribution, etc 1997.
300 ## - PHYSICAL DESCRIPTION
Extent 131 p. ;
500 ## - GENERAL NOTE
General note Translation of Le scaphandre et le papillon.
600 10 - SUBJECT ADDED ENTRY--PERSONAL NAME
Personal name Bauby, Jean-Dominique,
Dates associated with a name 1952-1997
General subdivision Health.
9 (RLIN) 3786
650 #0 - SUBJECT ADDED ENTRY--TOPICAL TERM
Topical term or geographic name as entry element Cerebrovascular disease
General subdivision Patients
Geographic subdivision France
General subdivision Biography.
9 (RLIN) 3787
651 #0 - SUBJECT ADDED ENTRY--GEOGRAPHIC NAME
Geographic name Periodical editors
Geographic subdivision France
General subdivision Biography.
9 (RLIN) 3788
856 42 - ELECTRONIC LOCATION AND ACCESS
Materials specified Contributor biographical information
Uniform Resource Identifier <a href="http://www.loc.gov/catdir/bios/random058/97071922.html">http://www.loc.gov/catdir/bios/random058/97071922.html</a>
856 41 - ELECTRONIC LOCATION AND ACCESS
Materials specified Sample text
Uniform Resource Identifier <a href="http://www.loc.gov/catdir/samples/random043/97071922.html">http://www.loc.gov/catdir/samples/random043/97071922.html</a>
856 42 - ELECTRONIC LOCATION AND ACCESS
Materials specified Publisher description
Uniform Resource Identifier <a href="http://www.loc.gov/catdir/description/random047/97071922.html">http://www.loc.gov/catdir/description/random047/97071922.html</a>
906 ## - LOCAL DATA ELEMENT F, LDF (RLIN)
a 7
b cbc
c copycat
d 2
e opcn
f 19
g y-gencatlg
942 ## - ADDED ENTRY ELEMENTS (KOHA)
Source of classification or shelving scheme Library of Congress Classification
Koha item type Monograph ( Printed materials)
Holdings
Withdrawn status Lost status Source of classification or shelving scheme Damaged status Not for loan Home library Current library Shelving location Date acquired Total Checkouts Full call number Barcode Date last seen Date checked out Price effective from Koha item type
    Library of Congress Classification     ARRUPE LIBRARY ARRUPE LIBRARY Main Collection 26/11/2013 1 RC388.5 .B39513 1997 46410250 07/01/2020 16/12/2019 26/11/2013 Monograph ( Printed materials)

 

Arrupe Library. PO Box MP320 Mt Pleasant, Harare, Zimbabwe
263 242 745411|librarian@aju.ac.zw